Hóa lý nhiệt động lực học Phần cơ sở

Na minha lista:
Detalhes bibliográficos
Autor principal: Nguyễn Đình Huề
Formato: Livro
Idioma:Undetermined
Publicado em: Hà Nội Giáo Dục 1977
Assuntos:
Tags: Adicionar Tag
Sem tags, seja o primeiro a adicionar uma tag!
Thư viện lưu trữ: Trung tâm Học liệu Trường Đại học Cần Thơ
LEADER 00543nam a2200181Ia 4500
001 CTU_3030
008 210402s9999 xx 000 0 und d
082 |a 541.307 
082 |b H507 
100 |a Nguyễn Đình Huề 
245 0 |a Hóa lý nhiệt động lực học 
245 0 |b Phần cơ sở 
245 0 |c Nguyễn Đình Huề 
260 |a Hà Nội 
260 |b Giáo Dục 
260 |c 1977 
650 |a chemistry, physical and theoretical 
980 |a Trung tâm Học liệu Trường Đại học Cần Thơ